000 01330nam a2200241Ia 4500
003 Ost
005 20260507075256.0
008 260507s9999||||xx |||||||||||||| ||und||
020 _a1160169957
040 _cfsecg
041 _aara
082 _a330
100 _aالقاضي، حسين
_eمؤلف
245 0 _aالمحاسبة المالية المتقدمة /
_c حسين القاضي
260 _aعمان:
_bدار الثقافة,
_c2007
300 _a497 صفحة؛
_bإيضاحات ؛
_c25 سم
520 _aالمحاسبةعن توحيد الاعمال و إعداد القوائم المالية الموحدة بتاريخ التوحيد في ظل طرق المحاسبة عن التوحيد و إعداد القوائم المالية بعد تاريخ توحيد الاعمال ، العمليات المتبادلة المتعلقة بالمخزون ، بالاصول الثابتة و المتعلقة بالسندات ، التوحيد غير المباشر مع مشكلات خاصة في توحيد الاعمال و أخيرا ضريبة الدخل في توحيد الاعمال .
653 _aالمحاسبة
653 _aالمحاسبة- المالية
700 _aحمادة، رشا
_eمؤلف ثانوي
700 _aدحدوح، حسين
_eمؤلف ثانوي
942 _cكتاب
999 _c43737
_d43737